Terapia del strés, fobias y adicciones : con terapia del campo mental y espiritualidad /

Estudio acerca de la terapia del campo mental, en que el autor explora los postulados y características principales de esta técnica terapeútica, su relación complementaria con la espiritualidad, y su aplicación práctica en trastornos mentales: estrés, fobias, adicciones, odio, culpa, vergüenza, trau...

Volledige beschrijving

Bewaard in:
Bibliografische gegevens
Hoofdauteur: González, Luis Jorge (autor)
Formaat: Boek
Taal:Spaans
Gepubliceerd in: Roma, Italia : Edizioni del Teresianum, 2000, c2000
Onderwerpen:
Tags: Voeg label toe
Geen labels, Wees de eerste die dit record labelt!

MARC

LEADER 00000nam^a2200000^a^4500
001 000187426
005 20250521000000.0
009 20260310102301.612
020 |a 968-75-92-27-3 
037 |a Acervo ITESO - Biblioteca 
041 |a ESP 
082 |a 616. 8916  |b GON 
100 |a González, Luis Jorge  |e (autor) 
245 1 0 |a Terapia del strés, fobias y adicciones :  |b con terapia del campo mental y espiritualidad /  |c L.J. González Castellanos. 
264 4 |a Roma, Italia :  |b Edizioni del Teresianum,  |c 2000, c2000 
300 |a 182 p. 
336 |a texto  |b txt  |2 rdacontenido 
337 |a sin mediación  |b n  |2 rdamedio 
338 |a volumen  |b nc  |2 rdasoporte 
520 |a Estudio acerca de la terapia del campo mental, en que el autor explora los postulados y características principales de esta técnica terapeútica, su relación complementaria con la espiritualidad, y su aplicación práctica en trastornos mentales: estrés, fobias, adicciones, odio, culpa, vergüenza, traumas, dolor físico, depresión y toxinas. 
649 |a XX 
650 |a Estrés 
650 |a Fobias 
650 |a Adicciones 
650 |a Odio 
650 |a Culpa 
650 |a Vergüenza 
650 |a Trauma 
650 |a Depresión 
650 |a Dolor -  |x Aspectos Psicológicos 
650 |a Toxinas y Antitoxinas 
650 |a Trastornos Psicosomáticos 
650 |a Terapia del Campo Mental 
650 |a Espiritualidad 
650 |a Psicoterapia 
650 |a Psicología Clínica 
650 |a Psicología y Religión 
910 |a Fondo General 
920 |a Impresos - Libros 
930 |a Colección General 
905 |a 101 
901 |a 0500129899  |b IT1  |c ACC  |u 20250521 
902 |a https://opac.biblio.iteso.mx/vufind/Record/000187426